Univers Zelda - Statistiques

Statistiques générales
  • Ce quiz a été pris 209 fois
  • Le résultat moyen est 21 sur 35
Statistiques - réponses
Hint Réponse % Correct
Antagoniste principal Ganondorf
99%
Royaume sur lequel règne la princesse Zelda règne Hyrule
99%
Ethnie à laquelle Link et Zelda appartiennent Hyliens
95%
Animal en lequel Link se transforme dans Twilight Princess Loup
95%
Artéfact que ce dernier cherche à obtenir à tout prix Triforce
95%
Peuple friand de rochers Gorons
94%
Peuple volatile qui apparaît pour la première fois dans Wind Waker Piafs
86%
Epée la plus célèbre de la série Epée de légende
85%
Accompagne Link dans Twilight Princess Midona
83%
"Hey, listen !" Navi
78%
Celui qui a volé le masque de Majora Skull Kid
78%
Amie d'enfance Zora de Link dans Breath of the Wild Mipha
69%
Antagoniste secondaire de Twilight Princess Xanto
67%
Fille du propriétaire du Ranch Lonlon dans Ocarina of Time Malon
66%
Petit frère de cette dernière Sidon
65%
Esprit de cette dernière qui apparaît dans Skyward Sword Fay
63%
Peuple aux yeux rouges et aux cheveux blancs Sheikah
63%
Nom du deuxième jeu Zelda, sorti en 1987 Zelda II : The Adventure of Link
63%
Monde que Link parcourt dans Majora's Mask Termina
61%
Créature divine Gerudo dans Breath of the Wild Vah Naboris
58%
Jeune pirate blonde qui accompagne Link dans Wind Waker Tetra
56%
Royaume sur lequel règne la princesse Hilda règne Lorule
55%
Princesse Zora dans Ocarina of Time Ruto
53%
Alter-ego maléfique de cette dernière et antagoniste secondaire de Skyward Sword Ghirahim
47%
Créature que Link doit réveiller dans Link's Awakening Poisson-rêve
47%
Roi Soneau et premier roi d'Hyrule Rauru
44%
Fils de Teba dans Tears of the Kingdom Babil
41%
Epouse de ce dernier Sonia
39%
Antagoniste principal de Four Swords et Minish Cap Vaati
39%
Île sur laquelle se déroulent les évènements de Link's Awakening Cocolint
32%
Spin-off dans lequel Link utilise une arbalète Link's Crossbow Training
30%
Antagoniste de A Link Between Worlds Yuga
25%
Nom par lequel Link se fait appeler s'il vole des objets dans Link's Awakening Voyou
24%
Antagoniste de A Link to the Past Aganhim
17%
Père de Zelda dans Skyward Sword Gaepora
16%
Aucun quiz correspondant
Distribution des résultats
% des personnes avec chaque résultat
Percentile par nombre de réponses
Votre historique - résultats
Vous n’avez pas pris ce quiz